Random NBA Players - Statistics

General Stats
  • This quiz has been taken 1,153 times
  • The average score is 11 of 16
Answer Stats
Picture Answer % Correct
Mo Bamba
91%
Kelly Oubre Jr.
90%
Gradey Dick
88%
Lance Stephenson
88%
Cam Johnson
86%
Cam Payne
86%
Shaedon Sharpe
82%
Tyus Jones
82%
Cam Reddish
78%
Jeff Green
76%
Johnathan Isaac
76%
Zach Collins
65%
Quentin Grimes
64%
Willy Hernangomez
55%
Sharife Cooper
30%
Terry Taylor
10%
No matching quizzes found
Score Distribution
Percent of People with Each Score
Percentile by Number Answered
Your Score History
You have not taken this quiz